000 00679nam a2200229 a 4500
999 _c11676
_d11676
001 11676
003 BD-JhCC
005 20200716102910.0
008 200716b2020 bg |||| ||a| 000 0 ben d
020 _a9789848125014
035 _a(BD-JhCC)11676
040 _aBD-JhCC
_dBD-JhCC
041 _aben
082 _a891.4415
_bARE 2020
100 _aআরেফিন, মাসরুর
245 _aপৃথিবী এলোমেলো সকালবেলায় /
_cমাসরুর আরেফিন ।
260 _aঢাকা:
_bসমাবেশ;
_c২০২০.
300 _a85 p. :
_c24 cm.
650 _aPoems
942 _2ddc
_cBK